| 000 | 00542nam a22001937a 4500 | ||
|---|---|---|---|
| 005 | 20260121124811.0 | ||
| 010 | _aENG-147595 | ||
| 020 |
_a9789357319270 _c999.00 |
||
| 035 | _aEN-131127 | ||
| 037 | _bDBAD | ||
| 082 |
_a881 _21 |
||
| 245 | _a1001 Favourite Poems | ||
| 250 | _a1 | ||
| 260 |
_aGurugram _bHachette Book Publishing Pvt. Ltd. _c2025 |
||
| 270 |
_a4th&5th Floors, Corporate Centre Plot No. 94, Sector 44, _bGurugram _e122003 |
||
| 300 |
_a668p. _c24cm(hb) |
||
| 760 | _b1 | ||
| 942 |
_2ddc _cEN _h881 _mFAV _e1 |
||
| 999 |
_c214386 _d214386 |
||